000 00724nam a2200229 i 4500
001 bgj
100 1 _aSOKOLIK, [Margaret] E.
245 1 0 _aRethinking America :
_badvanced readings in U.S. culture /
_cM. E. Sokolik.
260 _aBoston, Ma :
_bHeinle & Heinle Publishers,
_cc. 1992.
300 _aXIII, 248 pp :
_bill. ;
_c24 cm.
505 _aIncludes index.
650 9 _aReaders
_zUnited States
650 9 _aEnglish language
_xTextbooks for foreigners
651 9 _aUnited States
_xSocial life and culture
655 _aProblems, excercises, etc.
020 _a0838422772 (pbk)
040 _cBPK
041 0 _aeng
920 _a0-8384-2277-2 (pbk)
942 _cKS
008 s uk f |000 0 eng
999 _c48137
_d48137
856 _uhttp://koha.tu.koszalin.pl/cgi-bin/koha/opac-detail.pl?biblionumber=48137
_yKatalog online BPK